书目信息 |
| 题名: |
《共产主义原理》林若译本考
|
|
| 作者: | 李永杰 著 | |
| 分册: | ||
| 出版信息: | 沈阳 辽宁人民出版社 2021.04 |
|
| 页数: | 25, 103页 | |
| 开本: | 23cm | |
| 丛书名: | 马克思主义经典文献传播通考 | |
| 单 册: | ||
| 中图分类: | A121 | |
| 科图分类: | ||
| 主题词: | ||
| 电子资源: | ||
| ISBN: | 978-7-205-10143-5 | |
| 000 | 01116nam 2200277 450 | |
| 001 | CAL 0120217135733 | |
| 005 | 20230217093111.0 | |
| 010 | @a978-7-205-10143-5@b精装@dCNY38.00 | |
| 100 | @a20210514d2021 em y0chiy0120 ea | |
| 101 | 0 | @achi |
| 102 | @aCN@b210000 | |
| 105 | @ay a 000yy | |
| 106 | @ar | |
| 200 | 1 | @a《共产主义原理》林若译本考@A《 gong chan zhu yi yuan li 》 lin ruo yi ben kao@f李永杰著 |
| 210 | @a沈阳@c辽宁人民出版社@d2021.04 | |
| 215 | @a25, 103页@d23cm | |
| 225 | 2 | @a马克思主义经典文献传播通考@Ama ke si zhu yi jing dian wen xian chuan bo tong kao |
| 300 | @a国家出版基金项目 | |
| 320 | @a有书目 (第62-63页) | |
| 330 | @a本书考证了林若译本的翻译背景, 译者的生平简介, 以及该译本的编译情况, 并对其中的主要术语、核心观点进行校释。内容包括: 《共产主义原理》原版考释 ; 《共产主义原理》林若译本考释 ; 《共产主义原理》林若译本译文解析。 | |
| 410 | 0 | @12001 @a马克思主义经典文献传播通考 |
| 605 | @a共产主义原理@Agong chan zhu yi yuan li@x马克思主义哲学 | |
| 690 | @aA121@v5 | |
| 701 | 0 | @a李永杰@Ali yong jie@4著 |
| 801 | 0 | @aCN@bBJXHZP@c20230228 |
| 905 | @b1381093-7@dA121@e64@f5 | |
| 《共产主义原理》林若译本考/李永杰著.-沈阳:辽宁人民出版社,2021.04 |
| 25, 103页;23cm.-(马克思主义经典文献传播通考) |
| 国家出版基金项目 |
| ISBN 978-7-205-10143-5(精装):CNY38.00 |
| 本书考证了林若译本的翻译背景, 译者的生平简介, 以及该译本的编译情况, 并对其中的主要术语、核心观点进行校释。内容包括: 《共产主义原理》原版考释 ; 《共产主义原理》林若译本考释 ; 《共产主义原理》林若译本译文解析。 |
| ● |
| 相关链接 |
|
|
|
|
正题名:《共产主义原理》林若译本考
索取号:A121/64
 
预约/预借
| 序号 | 登录号 | 条形码 | 馆藏地/架位号 | 状态 | 备注 |
| 1 | 1381093 | 213810937 | 第一样本阅览室/ [索取号:A121/64] | 在馆 | |
| 2 | 1381094 | 213810946 | 第一借阅区/ [索取号:A121/64] | 在馆 | |
| 3 | 1381095 | 213810955 | 第一借阅区/ [索取号:A121/64] | 在馆 | |
| 4 | 1381096 | 213810964 | 第一借阅区/ [索取号:A121/64] | 在馆 | |
| 5 | 1381097 | 213810973 | 第一借阅区/ [索取号:A121/64] | 在馆 |